| 000 | 00913nas a2200289 4500 | ||
|---|---|---|---|
| 001 | BR0603038 | ||
| 003 | BR-BrBNA | ||
| 005 | 20231205110120.0 | ||
| 007 | ta | ||
| 008 | 230509b bl.|||p| |||| 00| 00por d | ||
| 040 |
_aBR-BrBNA _bpor _cBiblioteca Nacional de Agricultura |
||
| 041 | _a(Pt) | ||
| 072 | _aF04; P35 | ||
| 100 | 1 | _aRodrigues, J.F. | |
| 100 | 1 | _aRosa, B. | |
| 245 | 1 | _aParticipação da massa seca de folhas e hastes do capim-tanzânia quando adubado com doses crescentes de fósforo em um latossolo vermelho distrófico | |
| 650 | _aCAPIM | ||
| 650 | _aFORRAGEM | ||
| 650 | _aPASTAGEM | ||
| 650 | _aFERTILIDADE DO SOLO | ||
| 650 | _aFERTILIZANTE FOSFATADO | ||
| 650 | _aFOLHA | ||
| 650 | _aCAULE | ||
| 773 | 0 |
_tCiência Animal Brasileira (Brazil) _xISSN 1518-2797 _g(Oct-Dec 2004), v. 5(4) p. 187-194 _wBR0603038 |
|
| 909 |
_a202311 _bLúcia _c55 _dLúcia Elande |
||
| 942 |
_2AGRIS _n0 _cANA |
||
| 999 |
_c186260 _d186260 |
||